Cuaderno de es verger / (Record no. 177845)

MARC details
000 -LEADER
campo de control de longitud fija 00715nam a22002295i 4500
001 - NÚMERO DE CONTROL
campo de control 177845
003 - IDENTIFICADOR DE NÚMERO DE CONTROL
campo de control ES-MaACL
005 - FECHA Y HORA DE LA ÚLTIMA TRANSACCIÓN
campo de control 20240202063021.0
008 - DATOS DE LONGITUD FIJA--INFORMACIÓN GENERAL
campo de control de longitud fija 110503s2000 sp |||| | spa d
020 ## - NÚMERO INTERNACIONAL ESTÁNDAR DEL LIBRO
Número Internacional Estándar del Libro 84-95192-56-X
080 ## - NÚMERO DE LA CLASIFICACIÓN DECIMAL UNIVERSAL
Número de la Clasificación Decimal Universal 821.134.2-14"19"
100 1# - ENTRADA PRINCIPAL--NOMBRE DE PERSONA
Nombre de persona Murciano, Carlos,
Fechas asociadas al nombre 1931-
9 (RLIN) 153351
245 10 - MENCIÓN DEL TÍTULO
Título Cuaderno de es verger /
Mención de responsabilidad, etc. Carlos Murciano.
250 ## - MENCION DE EDICION
Mención de edición 1ª ed.
260 ## - PUBLICACIÓN, DISTRIBUCIÓN, ETC.
Lugar de publicación, distribución, etc. Cuenca :
Nombre del editor, distribuidor, etc. Diputación Provincial de Cuenca, Cultura,
Fecha de publicación, distribución, etc. imp. 2000.
300 ## - DESCRIPCIÓN FÍSICA
Extensión 54 p. ;
Dimensiones 21 cm.
490 1# - MENCIÓN DE SERIE
Mención de serie Colección Federico Muelas
500 ## - NOTA GENERAL
Nota general Premio Alfonso VIII de Poesía, 2000.
830 0# - PUNTO DE ACCESO ADICIONAL DE SERIE-TÍTULO UNIFORME
Título uniforme Colección Federico Muelas
9 (RLIN) 190610
852 ## - LOCALIZACIÓN
Ubicación ES-MaACL
Número de control de estantería 2296-F-10
Holdings
Estatus retirado Estado de pérdida Estado de daño No para préstamo Colección Biblioteca de origen Biblioteca actual Ubicación en estantería Fecha de adquisición Fuente de adquisición Total de préstamos Signatura topográfica completa Código de barras Visto por última vez Precio de reemplazo Tipo de ítem Koha
        Colección de folletos Biblioteca del Ateneo de Madrid Biblioteca del Ateneo de Madrid Depósito folletos 03/05/2011     2296-F-10 1186829 23/02/2023 23/02/2023 Folleto